Central Library OPAC University of Rajshahi

বাগেশ্বরী শিল্প প্রবন্ধাবলী / (Record no. 71571)

MARC details
000 -LEADER
fixed length control field 00927nam a2200241 a 4500
001 - CONTROL NUMBER
control field 71571
003 - CONTROL NUMBER IDENTIFIER
rucl marc code BD-RjUL
005 - DATE AND TIME OF LATEST TRANSACTION
control field 20211209082130.0
008 - FIXED-LENGTH DATA ELEMENTS--GENERAL INFORMATION
fixed length control field 170506s1969 ii |||| |||| 000 0 ben d
020 ## - INTERNATIONAL STANDARD BOOK NUMBER
Terms of availability : Tk. 16.00
035 ## - SYSTEM CONTROL NUMBER
System control number (BD-RjUL)71787
040 ## - CATALOGING SOURCE
Original cataloging agency BD-RjUL
Language of cataloging ben
Transcribing agency BD-RjUL
Modifying agency BD-RjUL
041 ## - LANGUAGE CODE
Language code of text/sound track or separate title ben
082 ## - DEWEY DECIMAL CLASSIFICATION NUMBER
Edition number 23
Classification number 891.444
Author mark and year TAB 1969
100 1# - MAIN ENTRY--PERSONAL NAME
Personal name ঠাকুর, অবীন্দ্রনাথ
9 (RLIN) 211786
245 10 - TITLE STATEMENT
Title বাগেশ্বরী শিল্প প্রবন্ধাবলী /
Statement of responsibility, etc. অবীন্দ্রনাথ ঠাকুর
250 ## - EDITION STATEMENT
Edition statement ২য় সং.
260 ## - PUBLICATION, DISTRIBUTION, ETC. (IMPRINT)
Place of publication, distribution, etc. কলকাতা :
Name of publisher, distributor, etc. রূপা অ্যাণ্ড কোং.,
Date of publication, distribution, etc. ১৯৬৯ [১৩৭৫]
300 ## - PHYSICAL DESCRIPTION
Pagination ৩৭৩ পৃ. ;
Size ২৬ সেমি.
650 ## - SUBJECT ADDED ENTRY--TOPICAL TERM
Topical term or geographic name as entry element বাংলা সাহিত্য
Form subdivision প্রবন্ধ
9 (RLIN) 211787
Topical term or geographic name as entry element Bengali Literature
Form subdivision Essay
9 (RLIN) 135031
942 ## - ADDED ENTRY ELEMENTS (KOHA)
Source of classification or shelving scheme Dewey Decimal Classification
Koha item type Books
Holdings
Lost status Source of classification or shelving scheme Damaged status Not for loan Collection code Permanent Location Current Location Shelving location Date acquired Source of acquisition Cost, normal purchase price Total Checkouts Full call number Date last seen Copy number Koha item type
  Dewey Decimal Classification   Not For Loan Non-fiction Central Library, University of Rajshahi Central Library, University of Rajshahi Reading Room 23/10/1978 India international, kolcutta 16.00   B 891.444 TAB 1969 06/05/2017 C-1 Books